Torschützenliste der Premier League 2013-2014 - Statistiken

Allgemein
  • Dieses Quiz wurde 61 mal gespielt
  • Das Durchschnittsergebnis liegt bei 7 aus 10
Antwortstatistiken
Tore Nationalität Verein Spieler % Korrekt
31 Uruguay FC Liverpool Luis Suárez
96%
17 Argentinien Manchester City Sergio Agüero
96%
16 Bosnien und Herzegowina Manchester City Edin Džeko
93%
17 England Manchester United Wayne Rooney
89%
15 Belgien FC Everton Romelu Lukaku
85%
20 Elfenbeinküste Manchester City Yaya Touré
81%
16 Frankreich FC Arsenal Olivier Giroud
67%
22 England FC Liverpool Daniel Sturridge
52%
17 Elfenbeinküste Swansea City Wilfried Bony
43%
15 England FC Southampton Jay Rodriguez
2%
Keine übereinstimmenden Quizze gefunden
Verteilung der Resultate
Anzahl Personen mit jedem Resultat
Perzentil nach korrekt beantworteten Fragen
Ihre Resultats-Entwicklung
Sie haben dieses Quiz noch nicht gespielt